Periódicos digitales más leídos de España - Estadísticas

Estadísticas generales
  • Esta prueba ha sido intentada 167 veces
    153 desde el último reinicio
  • La puntuación promedio es 8 de 24
Estadísticas de respuestas
Peródico % Correcto
El País
94%
El Mundo
93%
ABC
79%
La razón
60%
La Vanguardia
59%
OkDiario
51%
Eldiario
45%
El Periódico
37%
El Confidencial
34%
El Español
34%
Público
33%
La Voz de Galicia
29%
20 minutos
28%
LibertadDigital
24%
El Correo
23%
La Gaceta
15%
Periodista Digital
9%
Voz Pópuli
9%
Huffington Post
8%
El Independiente
6%
El Plural
6%
Europa Press
5%
El Imparcial
2%
República
2%
No se encontraron pruebas coincidentes
Distribución de puntuación
Porcentaje de gente con cada puntuación
Porcentaje por número respondido
Historial de tus puntuaciones
No has intentado esta prueba desde el último reinicio